00776 a2200193 4500003000500000005001700005010001700022020002600039020002900065035002400094040000900118082001600127100002500143245012100168260003600289300003500325505018800360650003400548Nust20221006150254.0 a 2011010940 a0470255609 (hardback) a9780470255605 (hardback) a(OCoLC)ocn671701597 cNust00a623.446,ALA1 aMcAulay, Alastair D.10aMilitary laser technology for defense :btechnology for revolutionizing 21st century warfare /cAlastair D. McAulay. aHoboken, N.J. :bWiley,cc2011. axvii, 305 p. :bill. ;c25 cm. a Part 1: Optics Technology For Defense Systems (Page-1), Part 2: Laser Technology for Defense Systems (Page-125), Part 3: Applications to Protect Against Military Threats (Page-205). 0aTelecommunication Engineering